书目信息 |
| 题名: |
能源工程
|
|
| 作者: | 陈学俊 , 袁旦庆 著 | |
| 分册: | ||
| 出版信息: | 西安 西安交通大学出版社 2007.10 |
|
| 页数: | 349页 | |
| 开本: | 23cm | |
| 丛书名: | 西安交通大学学术文库 | |
| 单 册: | ||
| 中图分类: | TK01 | |
| 科图分类: | ||
| 主题词: | 能源--neng yuan--基本知识 | |
| 电子资源: | ||
| ISBN: | 978-7-5605-1516-8 | |
| 000 | 00989nam 2200277 450 | |
| 001 | 012008602093 | |
| 005 | 20080229110057.64 | |
| 010 | @a978-7-5605-1516-8@dCNY39.00 | |
| 100 | @a20080229d2007 em y0chiy0120 ea | |
| 101 | 0 | @achi |
| 102 | @aCN@b610000 | |
| 105 | @ay a 000yy | |
| 106 | @ar | |
| 200 | 1 | @a能源工程@Aneng yuan gong cheng@e增订本@f陈学俊, 袁旦庆著@Fchen xue jun,yuan dan qing zhu |
| 210 | @a西安@c西安交通大学出版社@d2007.10 | |
| 215 | @a349页@d23cm | |
| 225 | 2 | @a西安交通大学学术文库@Axi an jiao tong da xue xue shu wen ku |
| 320 | @a有书目 (第348-349页) | |
| 330 | @a本书叙述了能源的重要性和基本概念、能源的形势、特点及其与国民经济和人民生活之间的关系,综合分析了常规能源的概状、存在的问题及发展前景。 | |
| 410 | 0 | @12001 @a西安交通大学学术文库 |
| 606 | 0 | @a能源@Aneng yuan@x基本知识 |
| 690 | @aTK01@v4 | |
| 701 | 0 | @a陈学俊@Achen xue jun@4著 |
| 701 | 0 | @a袁旦庆@Ayuan dan qing@4著 |
| 801 | 0 | @aCN@bQSSK@c20080229 |
| 905 | @b281816-18@dTK01@eC602@f3 | |
| 能源工程:增订本/陈学俊, 袁旦庆著.-西安:西安交通大学出版社,2007.10 |
| 349页;23cm.-(西安交通大学学术文库) |
| ISBN 978-7-5605-1516-8:CNY39.00 |
| 本书叙述了能源的重要性和基本概念、能源的形势、特点及其与国民经济和人民生活之间的关系,综合分析了常规能源的概状、存在的问题及发展前景。 |
| ● |
| 相关链接 |
|
|
|
正题名:能源工程
索取号:TK01/C602
 
预约/预借
| 序号 | 登录号 | 条形码 | 馆藏地/架位号 | 状态 | 备注 |
| 1 | 281816 | 202818166 | 自科库501/501自科库 135排6列4层/ [索取号:TK01/C602] | 在馆 | |
| 2 | 281817 | 202818175 | 能源与建筑环境工程学院资料室/201建筑库 28排2列1层/ [索取号:TK01/C602] | 在馆 | |
| 3 | 281818 | 202818184 | 能源与建筑环境工程学院资料室/201建筑库 28排2列1层/ [索取号:TK01/C602] | 在馆 |